00646nam a2200181Ia 4500008004100000020001800041041001200059082001700071100002200088245006700110260003500177300001400212500001800226650003100244942000700275999001900282952016300301231221s9999 xx 000 0 und d a9790000000000 aEnglish a523.1 HAW;1 aHawking, Stephen. 4aThe theory of everything : the origin and fate of the universe c2008bJaico PublishingaMumbai aviii, 132 aAcc No-PU2684 aeverything,origin,universe cCD c230771d230771 r2024-01-26 00:00:00l0o523.1 HAW;1pCD6669v200.00w2024-01-26yCD1040708CL00aMLbMLcCLd0000-00-00eK.V.Sreenivasang250.00EGENK939GRSF1V50W20